00690cam a2200205 a 45000010005000000030009000050050017000140080041000310200036000720200037001080400028001450820019001732450050001922600035002423000041002775040054003186000028003726500066004007000018004662940BD-DhUAP20200226183152.0200226s1998 sz ab b 000 0deng  a3764359161 (Basel : alk. paper) a0817659161 (Boston : alk. paper) aDLCcDLCdBD-DhUAPbEng00223a720.92 MAN00aManuel Gallego /cIntroduction by David Cohn. aBasel ;bBirkhàˆuser,cc1998. a176 pages :billustrations ;c29 cm. aIncludes bibliographical references (p. 174-176).10aGallego, Manuel,d1936- 0aArchitecturezSpainzGalicia (Region)xHistoryy20th century. aCohn, David.